Abnormal leaf fall of rubber (Hevea brasiliensis) caused by Phytophthora palmivora BUTL-II (Record no. 53703)

MARC details
000 -LEADER
fixed length control field 00503nam a2200169Ia 4500
100 ## - MAIN ENTRY--AUTHOR NAME
Personal name Ramakrishnan T S
245 #0 - TITLE STATEMENT
Title Abnormal leaf fall of rubber (Hevea brasiliensis) caused by Phytophthora palmivora BUTL-II
260 ## - PUBLICATION, DISTRIBUTION, ETC. (IMPRINT)
Name of publisher Rubber Board Bulletin
Year of publication 1961
300 ## - PHYSICAL DESCRIPTION
Number of Pages 76-84
650 ## - SUBJECT ADDED ENTRY--TOPICAL TERM
Topical Term Abnormal leaf fall
650 ## - SUBJECT ADDED ENTRY--TOPICAL TERM
Topical Term Disease control
650 ## - SUBJECT ADDED ENTRY--TOPICAL TERM
Topical Term Hevea brasiliensis
650 ## - SUBJECT ADDED ENTRY--TOPICAL TERM
Topical Term Phytophthora palmivora
700 ## - ADDED ENTRY--PERSONAL NAME
Personal name Pillai P N R
942 ## - ADDED ENTRY ELEMENTS (KOHA)
Koha item type Journals
Holdings
Withdrawn status Lost status Damaged status Not for loan Home library Current library Shelving location Date acquired Serial Enumeration / chronology Koha item type
      Journals RRII Library RRII Library Pathology 17/12/2021 Volume 5, Issue 2 Journals